Jeux Olympiques 2024 - Meilleure délégation par sport - Statistiques

Statistiques générales
  • Ce quiz a été pris 829 fois
    784 depuis la dernière actualisation
  • Le résultat moyen est 20 sur 45
Statistiques - réponses
Discipline Pays Médailles % Correct
Athlétisme États-Unis 34
97%
Basketball États-Unis 2
90%
Natation États-Unis 28
80%
Rugby à sept France | Nouvelle-Zélande 1
80%
Judo Japon 8
78%
Badminton Chine 5
76%
Cyclisme BMX Racing France 3
76%
Gymnastique artistique États-Unis 10
74%
Tennis de table Chine 6
73%
Football Espagne | États-Unis 1
72%
Surf France 2
65%
Volleyball France | Italie 1
63%
Plongeon Chine 11
59%
Golf Nouvelle-Zélande | États-Unis 1
58%
Cyclisme Mountain Bike France 2
57%
Basketball 3x3 Allemagne | Pays-Bas 1
54%
Cyclisme sur route Belgique 4
54%
Handball Danemark 2
53%
Natation artistique Chine 2
49%
Tir Chine 10
48%
Tir à l'arc Corée du Sud 7
45%
Cyclisme sur piste Pays-Bas 5
44%
Volleyball de plage Brésil | Suède 1
43%
Gymnastique rythmique Chine | Allemagne 1
40%
Breaking Canada | Japon 1
39%
Escrime Japon 5
38%
Skateboard Japon 4
35%
Triathlon Grande-Bretagne 3
34%
Haltérophilie Chine 5
32%
Aviron Pays-Bas 8
32%
Hockey sur gazon Pays-Bas 2
32%
Taekwondo Corée du Sud 3
30%
Lutte Japon 11
30%
Sports équestres Allemagne 5
29%
Canoë-kayak slalom Australie 3
29%
Tennis Chine 2
28%
Cyclisme BMX Freestyle Argentine | Chine 1
25%
Boxe Ouzbékistan 5
24%
Water-polo Espagne | Serbie 1
19%
Pentathlon moderne Égypte | Hongrie 1
17%
Voile Pays-Bas 4
13%
Trampoline Grande-Bretagne 1
9%
Canoë-kayak sprint Nouvelle-Zélande 3
9%
Natation, marathon Hongrie 2
8%
Escalade Pologne 2
8%
Aucun quiz correspondant
Distribution des résultats
% des personnes avec chaque résultat
Percentile par nombre de réponses
Votre historique - résultats
Vous n’avez pas pris ce quiz depuis la dernière actualisation